| 000 | 00786nam a2200193 i 4500 | ||
|---|---|---|---|
| 001 | bg | ||
| 245 | 0 | 0 |
_aFlora słodkowodna Polski. _nT. 14, _pPhaeophyta-Brunatnice ; Rhodophyta-Krasnorosty : (with keys for the identification of fresh water brown-end red-algae mentioned in the volume) / _cKarol Starmach ; Polska Akademia Nauk. Instytut Botaniki. |
| 260 |
_aWarszawa ; Kraków : _bPańst. Wydaw. Naukowe, _c1977. |
||
| 300 |
_a444, [3] s., [1] k.tabl. : _brys. ; _c22 cm. |
||
| 504 | _aBibliogr. s. 409-424. - Indeks. | ||
| 650 | 9 |
_aGlony _xsystematyka _zPolska |
|
| 650 | 9 |
_aWody śródlądowe _xflora _xsystematyka _zPolska |
|
| 700 | 1 | _aSTARMACH, Karol. | |
| 040 | _cBPK | ||
| 041 | 0 | _apl | |
| 080 | _a582.2(083.8)(438) | ||
| 942 | _cKS | ||
| 008 | s pl f |000 0 pol | ||
| 999 |
_c30644 _d30644 |
||
| 856 |
_uhttp://koha.tu.koszalin.pl/cgi-bin/koha/opac-detail.pl?biblionumber=30644 _yKatalog online BPK |
||